000 00901nam a2200253Ia 4500
003 OSt
005 20221005111405.0
006 a|||||r|||| 00| 0
007 ta
008 221004b |||||||| |||| 00| 0 hin d
020 _a8181430921 (hbk)
_c250
024 _a95143
037 _b568, 23/03/2009, Vani Prakashan
_cTextual
040 _aCRL
_cCRL
_bhin
041 _2hin
_ahin
082 _aO111972x, 152P7
100 _aसुवास कुमार, संपा.
245 0 _aवेस्ट इंडिज का साहित्य
246 _aVesṭa ianḍij kā sāhitya
260 _aनई दिल्ली
_bवाणी प्रकाशन भारत
_c2007
300 _a200पृ0
_ccm.
942 _hO111972x, 152P7
_cTEXL
_2cc
999 _c1021699
_d1021699